Most Mentioned Countries On The News 2022 - Statistics

General Stats
  • This quiz has been taken 242 times
  • The average score is 16 of 20
Answer Stats
Country % Correct
United Kingdom
100%
Russia
99%
United States
99%
Ukraine
98%
China
97%
France
95%
India
89%
Italy
89%
Germany
88%
Japan
88%
Iran
84%
Brazil
80%
Israel
72%
North Korea
72%
Poland
69%
Saudi Arabia
67%
Argentina
63%
Afghanistan
62%
Belarus
54%
Qatar
44%
No matching quizzes found
Score Distribution
Percent of People with Each Score
Percentile by Number Answered
Your Score History
You have not taken this quiz